| 000 | 00885nam a2200205Ia 4500 | ||
|---|---|---|---|
| 003 | Ost | ||
| 005 | 20260507075358.0 | ||
| 008 | 260507s9999||||xx |||||||||||||| ||und|| | ||
| 040 | _cfsecg | ||
| 041 | _aara | ||
| 082 | _a330 | ||
| 100 |
_aبن مويزة، أحمد _eمؤلف |
||
| 245 | 0 |
_aإعداد استراتيجية التسويق وعملياتها / _c أحمد بن مويزة |
|
| 260 |
_aعمان: _bاليازوري للنشر والتوزيع, _c2013 |
||
| 300 |
_a143 صفحة؛ _bإيضاحات ؛ _c25 سم |
||
| 520 | _aيضم مدخل في الاستراتيجية التسويقية، مراحل اعداد الاستراتيجية التسويقية، استراتيجيات المزيج التسويقي، عمليات الاستراتيجية التسويقية | ||
| 653 | _aأدارة المبيعات | ||
| 653 | _aالتسويق | ||
| 942 | _cكتاب | ||
| 999 |
_c44255 _d44255 |
||